000 00967nam a2200241 4500
001 39262
003 BD-RjUL
005 20211209052944.0
008 160406s2012 bg ||||e |||| 00| 0 ben d
020 _a9847000002037
_c: TK 250.00
035 _a(BD-RjUL)
040 _aBD-RjUL
_bben
_cBD-RjUL
041 _aben
082 _223
_a823.912
_bCHT 2012
100 _aক্রিস্টি, আগাথা
_9121067
245 1 0 _aটেন লিটল ইন্ডিয়ানস /
_cআগাথা ক্রিস্টি; খুররম মমতাজ অনুবাদক
260 _aঢাকা :
_bজাতীয় সাহিত্য প্রকাশ,
_c২০১২
300 _a[৬], ১৫২ পৃ.;
_c২১ সেমি.
650 _aউপন্যাস
_9121068
_zডিভন(ইংল্যান্ড)
650 _aFiction
_9121069
_zDevon(england)
700 _aমমতাজ, খুররম
_9121002
942 _2ddc
_cBK
999 _c39262
_d39262